Statistics for Top 10 Roblox Speedrunners of All Time

Click here to take the quiz!

General Stats

  • This quiz has been taken 12 times
  • The average score is 4 of 10

Answer Stats

Top 10Correct% Correct
4.imverygodatobbies
100%
2.DD3985666
83%
1.jorma28
83%
10.RainbowTexturePack
50%
5.Larcanic
33%
6.Darklordz234
17%
9.ffwaunt
17%
8.ILLUMINIZE
17%
7.imranZXD
17%
3.wya6t
17%

Score Distribution

Percentile by Number Answered

Percent of People with Each Score

Your Score History

You have not taken this quiz